|
|
|
|
| LEADER |
00000nam a2200000 a 4500 |
| 001 |
vtls001421675 |
| 003 |
SK-MaSNL |
| 005 |
20260302072423.0 |
| 008 |
240316s2001 xo ap r y hun |
| 015 |
|
|
|a SNBA2002/03-01173
|
| 020 |
|
|
|a 8008032677
|
| 035 |
|
|
|a SNK000376530
|
| 035 |
|
|
|a urn:nbn:sk:snk-amlrnd
|
| 035 |
|
|
|a urn:nbn:sk:snk-am00cax7
|
| 035 |
|
|
|a AFFA7052-57CA-47FB-A9F0-6B626B25D05A
|
| 040 |
|
|
|a SNK
|b slo
|c SNK
|e AACR2
|
| 041 |
0 |
|
|a hun
|
| 044 |
|
|
|a xo
|c SK
|
| 080 |
|
|
|a 372.46:809.451.1(075.2)(076.5)=945.11
|2 1981
|
| 100 |
1 |
|
|a Jónás, Júlia
|4 aut
|9 44632
|
| 245 |
1 |
|
|a Munkafüzet magyar nyelvből az alapiskola 3. osztálya számára
|c Jónás Júlia
|
| 246 |
1 |
0 |
|a Pracovný zošit z maďarského jazyka pre 3. ročník ZŠ s vyučovacím jazykom maďarským
|
| 250 |
|
|
|a 3. kiad.
|
| 260 |
|
|
|a Bratislava
|b Slovenské pedagogické nakladateľstvo
|c 2001
|
| 300 |
|
|
|a 133 s.
|b ilustr., tab.
|c 30 cm
|
| 500 |
|
|
|a Tiráž slov.
|
| 500 |
|
|
|a Ilustr. Balázsy Géza
|
| 650 |
0 |
7 |
|a maďarčina
|x učebnice zákl. škôl (3. roč.) maď.
|x zošity pracovné
|2 SNK
|9 276453
|
| 655 |
|
7 |
|a učebnice
|2 SNK
|9 22521
|
| 700 |
1 |
|
|a Balázsy, Géza,
|d 1959-
|4 ill
|9 88598
|
| 919 |
|
|
|a 80-08-03267-7
|
| 958 |
|
|
|a TL
|
| 958 |
|
|
|a HU
|
| 958 |
|
|
|a UX
|
| 999 |
|
|
|c 1156404
|d 1158334
|
| 952 |
|
|
|t P60, <03>, [BOOK], {603}
|a SNK
|b SNK
|y PREZ
|7 0
|p 17A0316904
|o snkSB 64005
|i snkKSP 11674/2001
|0 0
|1 0
|4 0
|d 2001-10-09
|f 1
|l 0
|r 2025-04-17 00:00:00
|w 2026-02-24
|
| 952 |
|
|
|t P60, <04>, [BOOK], {604}
|a SNK
|b SNK
|y VYP
|7 0
|p 17A0320183
|o snkSB 64005 D1
|i snkKSP 12160/2001
|0 0
|1 0
|4 0
|d 2001-10-25
|l 0
|r 2005-01-02 00:00:00
|w 2026-02-24
|
| 952 |
|
|
|t P60, <09>, [BOOK], {629}
|a SNK
|b SNK
|y NEVYP
|7 0
|o snkB 258
|i snk928/20011105
|0 0
|1 0
|4 0
|d 2001-10-25
|l 0
|r 2005-01-02 00:00:00
|w 2026-02-24
|